[Event "VIE-chT (Women)"]
[Site "Bac Giang"]
[Date "2013.08.20"]
[Round "10"]
[White "Le, Thanh Tu"]
[Black "Tran Le Dan, Thuy"]
[Result "1-0"]
[WhiteElo "2305"]
[BlackElo "1942"]
[PlyCount "61"]
[EventDate "2013.08.14"]
[EventType "team-swiss"]
[EventRounds "11"]
[EventCountry "VIE"]
[SourceTitle "CBM 156 Extra"]
[Source "ChessBase"]
[SourceDate "2013.10.22"]
[SourceVersion "1"]
[SourceVersionDate "2013.10.22"]
[SourceQuality "1"]

1. Nf3 Nf6 2. c4 g6 3. Nc3 Bg7 4. e4 d6 5. d4 Nbd7 6. h3 0-0 7. Bg5 e5 8. d5 Re8 9. Be2 Nf8 10. Be3 Bd7 11. Nd2 h6 12. h4 N6h7 13. h5 g5 14. g4 b6 15. f3 Nf6 16. Kf2 N8h7 17. b4 Bf8 18. a4 a5 19. bxa5 Rxa5 20. Nb3 Ra8 21. Qc2 Qc8 22. Kg3 Kg7 23. Ra2 Nxg4 24. fxg4 Nf6 25. Qd1 Bxa4 26. Rxa4 Nxe4+ 27. Nxe4 Rxa4 28. Rf1 Ra8 29. Bd3 Be7 30. Qf3 f6 31. Nxf6 1-0

[Event "VIE-chT (Women)"]
[Site "Bac Giang"]
[Date "2013.08.19"]
[Round "9"]
[White "Tran Le Dan, Thuy"]
[Black "Luong, Phuong Hanh"]
[Result "1/2-1/2"]
[WhiteElo "1942"]
[BlackElo "2125"]
[PlyCount "106"]
[EventDate "2013.08.14"]
[EventType "team-swiss"]
[EventRounds "11"]
[EventCountry "VIE"]
[SourceTitle "CBM 156 Extra"]
[Source "ChessBase"]
[SourceDate "2013.10.22"]
[SourceVersion "1"]
[SourceVersionDate "2013.10.22"]
[SourceQuality "1"]

1. d4 Nf6 2. c4 c5 3. d5 b5 4. cxb5 a6 5. bxa6 Bxa6 6. Nc3 d6 7. g3 g6 8. Bg2 Bg7 9. Nf3 0-0 10. 0-0 Nbd7 11. Re1 Qb6 12. Qc2 Rfb8 13. e4 Ng4 14. h3 Nge5 15. Rd1 Nxf3+ 16. Bxf3 Ne5 17. Bg2 Bc4 18. Bg5 h6 19. Bxe7 Ra7 20. Bxd6 Qxd6 21. f4 Nd3 22. b3 Nb4 23. Qd2 Bd4+ 24. Kh2 Nxa2 25. Rxa2 Rxa2 26. Nxa2 Rxb3 27. Qc2 Qa6 28. Rc1 Bxd5 29. exd5 Rb2 30. Qc4 Qxc4 31. Rxc4 Rxa2 32. g4 Kf8 33. Kg3 Ke7 34. Rc1 Kd6 35. Rb1 c4 36. Rb8 c3 37. Rc8 f5 38. Rc6+ Kd7 39. gxf5 gxf5 40. h4 c2 41. Bh3 Bf2+ 42. Kf3 Ra3+ 43. Kg2 Bxh4 44. Bxf5+ Ke8 45. Rxc2 Rg3+ 46. Kh2 Rf3 47. Bg6+ Ke7 48. Rc4 Kd6 49. f5 Bg5 50. Kg2 Rf4 51. Rxf4 Bxf4 52. Kf3 Bg5 53. Kg4 Ke5 1/2-1/2

[Event "VIE-chT (Women)"]
[Site "Bac Giang"]
[Date "2013.08.17"]
[Round "5"]
[White "Tran Le Dan, Thuy"]
[Black "Ngo, Dieu Hoa"]
[Result "0-1"]
[WhiteElo "1942"]
[BlackElo "2084"]
[PlyCount "86"]
[EventDate "2013.08.14"]
[EventType "team-swiss"]
[EventRounds "11"]
[EventCountry "VIE"]
[SourceTitle "CBM 156 Extra"]
[Source "ChessBase"]
[SourceDate "2013.10.22"]
[SourceVersion "1"]
[SourceVersionDate "2013.10.22"]
[SourceQuality "1"]

1. d4 Nf6 2. c4 g6 3. Nc3 Bg7 4. e4 d6 5. Nf3 0-0 6. Be2 e5 7. d5 a5 8. 0-0 Na6 9. Bg5 h6 10. Bh4 Nc5 11. Qc2 Bd7 12. Nd2 Qe8 13. f3 Nh5 14. Rfe1 f5 15. Nb5 Qc8 16. Be7 Rf7 17. Bxd6 cxd6 18. Nxd6 Qf8 19. Nxf7 Qxf7 20. Nb3 Bf8 21. exf5 gxf5 22. g3 Nxb3 23. Qxb3 Bc5+ 24. Kg2 b6 25. f4 e4 26. Qd1 Nf6 27. a3 a4 28. Qc2 Kh7 29. b4 axb3 30. Qxb3 Ba4 31. Qc3 Rg8 32. Qe5 Qg6 33. Rh1 Rg7 34. Qb8 Ng4 35. Qa8 Ne3+ 36. Kg1 Nxd5+ 37. Kf1 Bc6 38. Qc8 Ne3+ 39. Ke1 Nc2+ 40. Kd2 Nxa1 41. Rxa1 Bf2 42. Rf1 Qd6+ 43. Kc1 Qxa3+ 0-1

[Event "VIE-chT (Women)"]
[Site "Bac Giang"]
[Date "2013.08.16"]
[Round "4"]
[White "Pham, Duc Tri1"]
[Black "Tran Le Dan, Thuy"]
[Result "0-1"]
[WhiteElo "2198"]
[BlackElo "1942"]
[PlyCount "64"]
[EventDate "2013.08.14"]
[EventType "team-swiss"]
[EventRounds "11"]
[EventCountry "VIE"]
[SourceTitle "CBM 156 Extra"]
[Source "ChessBase"]
[SourceDate "2013.10.22"]
[SourceVersion "1"]
[SourceVersionDate "2013.10.22"]
[SourceQuality "1"]

1. d4 d5 2. Nf3 Nf6 3. e3 e6 4. c4 c6 5. Nc3 Nbd7 6. Bd3 dxc4 7. Bxc4 b5 8. Bd3 Bb7 9. 0-0 a6 10. e4 c5 11. d5 c4 12. dxe6 fxe6 13. Bc2 Bc5 14. Qe2 Qb6 15. h3 0-0 16. b3 Nh5 17. Kh1 Ne5 18. bxc4 Nxf3 19. gxf3 Bd4 20. Bd2 Nf4 21. Bxf4 Rxf4 22. cxb5 Bxc3 23. Rab1 Qd8 24. Qc4 Qf6 25. bxa6 Bxa6 26. Qc6 Rf8 27. Qxa6 Rxf3 28. Bd1 Rxh3+ 29. Kg2 Rh6 30. f4 Qg6+ 31. Kf3 Rh3+ 32. Ke2 Qg2+ 0-1

[Event "VIE-ch (Women)"]
[Site "Ho Chi Minh City"]
[Date "2013.04.17"]
[Round "4"]
[White "Tran Le Dan, Thuy"]
[Black "Le, Hoang Tran Chau"]
[Result "1/2-1/2"]
[WhiteElo "1886"]
[BlackElo "2111"]
[PlyCount "132"]
[EventDate "2013.04.15"]
[EventType "swiss"]
[EventRounds "7"]
[EventCountry "VIE"]
[SourceTitle "CBM 154 Extra"]
[Source "ChessBase"]
[SourceDate "2013.06.25"]
[SourceVersion "2"]
[SourceVersionDate "2013.06.25"]
[SourceQuality "1"]

1. d4 e6 2. c4 b6 3. Nc3 Bb4 4. Qc2 Bb7 5. a3 Bxc3+ 6. Qxc3 f5 7. Qg3 Kf7 8. Nf3 Bxf3 9. Qxf3 Nc6 10. d5 Ne5 11. Qc3 Qf6 12. h4 Ng6 13. Qf3 N8e7 14. dxe6+ dxe6 15. h5 Ne5 16. Qc3 c5 17. e3 Ng4 18. Bd2 Nc6 19. Be2 Rhd8 20. Rh3 Rd6 21. Qxf6+ Nxf6 22. f3 Na5 23. Bc3 Rad8 24. b4 Nc6 25. bxc5 bxc5 26. Rb1 Rb8 27. Rxb8 Nxb8 28. h6 g6 29. a4 Ra6 30. Bd1 Nfd7 31. a5 Rd6 32. Ke2 Nc6 33. Rh1 Nde5 34. Bb3 Rd3 35. Rc1 Rd6 36. Ba2 g5 37. Rb1 Kg6 38. Rb7 Nd3 39. Bb1 Nc1+ 40. Ke1 Kxh6 41. g4 Nd3+ 42. Ke2 Nc1+ 43. Kf1 Nd3 44. Rc7 Nde5 45. Ke2 Kg6 46. Bxe5 Nxe5 47. Rxc5 Kf6 48. gxf5 h5 49. fxe6 Rxe6 50. Rc7 a6 51. Kf2 Rc6 52. Rxc6+ Nxc6 53. Be4 Nxa5 54. c5 Nb3 55. c6 Ke7 56. f4 gxf4 57. exf4 Nd4 58. f5 Kd6 59. f6 Ne6 60. Kg3 a5 61. Kh4 a4 62. Kxh5 a3 63. Bb1 Kxc6 64. Ba2 Nf8 65. Kh6 Kd6 66. Kg7 Nd7 1/2-1/2

[Event "Ho Chi Minh City HD Bank op 3rd"]
[Site "Ho Chi Minh City"]
[Date "2013.03.21"]
[Round "5"]
[White "Tran Le Dan, Thuy"]
[Black "Tran Thi Mong, Thu"]
[Result "1-0"]
[WhiteElo "1895"]
[BlackElo "1841"]
[PlyCount "45"]
[EventDate "2013.03.19"]
[EventType "swiss"]
[EventRounds "9"]
[EventCountry "VIE"]
[SourceTitle "CBM 153 Extra"]
[Source "ChessBase"]
[SourceDate "2013.04.22"]
[SourceVersion "1"]
[SourceVersionDate "2013.04.22"]
[SourceQuality "1"]

1. d4 d5 2. c4 e6 3. Nc3 Nf6 4. Nf3 c6 5. e3 Be7 6. Bd3 0-0 7. 0-0 Nbd7 8. b3 dxc4 9. bxc4 Re8 10. Bb2 b6 11. Qc2 Bb7 12. Rad1 Rc8 13. e4 c5 14. e5 Bxf3 15. gxf3 cxd4 16. exf6 dxc3 17. fxe7 Qxe7 18. Bxc3 Nf6 19. Kh1 b5 20. Rg1 bxc4 21. Bxh7+ Kh8 22. Be4 Nxe4 23. Bxg7+ 1-0

[Event "Ho Chi Minh City HD Bank op 3rd"]
[Site "Ho Chi Minh City"]
[Date "2013.03.20"]
[Round "3"]
[White "Tran Le Dan, Thuy"]
[Black "Villanueva, Nelson"]
[Result "0-1"]
[WhiteElo "1895"]
[BlackElo "2299"]
[PlyCount "106"]
[EventDate "2013.03.19"]
[EventType "swiss"]
[EventRounds "9"]
[EventCountry "VIE"]
[SourceTitle "CBM 153 Extra"]
[Source "ChessBase"]
[SourceDate "2013.04.22"]
[SourceVersion "1"]
[SourceVersionDate "2013.04.22"]
[SourceQuality "1"]

1. d4 Nf6 2. c4 e6 3. Nc3 Bb4 4. Bd2 0-0 5. a3 Bxc3 6. Bxc3 Ne4 7. Bd2 b6 8. Nf3 Bb7 9. Bf4 d6 10. e3 Nd7 11. Bd3 Qe7 12. 0-0 f5 13. Qc2 e5 14. c5 exf4 15. c6 fxe3 16. fxe3 Rab8 17. cxb7 c5 18. Nd2 d5 19. Bb5 Ndf6 20. Rxf5 Nd6 21. Re5 Qxb7 22. Be2 Nf7 23. Rf5 Qe7 24. Nf1 g6 25. Rf4 Ng5 26. Rd1 c4 27. Qc1 Nfe4 28. Nd2 b5 29. Rdf1 Nd6 30. Rxf8+ Rxf8 31. Rxf8+ Kxf8 32. Qf1+ Kg7 33. Qf4 Nf5 34. Kf2 a5 35. Bf3 Nxf3 36. Nxf3 b4 37. axb4 axb4 38. Ke2 Qe4 39. Qxe4 dxe4 40. Ng5 Nd6 41. Kd2 h6 42. Ne6+ Kf7 43. Nf4 c3+ 44. bxc3 Nc4+ 45. Kc2 Nxe3+ 46. Kb3 g5 47. Ne2 bxc3 48. Nxc3 Ke6 49. Nxe4 Kd5 50. Nd2 Kxd4 51. g4 Kd3 52. Nf3 Ke4 53. Nd2+ Kf4 0-1

[Event "Ho Chi Minh City HD Bank op 3rd"]
[Site "Ho Chi Minh City"]
[Date "2013.03.19"]
[Round "2"]
[White "Ren, Xiaoyi"]
[Black "Tran Le Dan, Thuy"]
[Result "1/2-1/2"]
[WhiteElo "2216"]
[BlackElo "1895"]
[PlyCount "117"]
[EventDate "2013.03.19"]
[EventType "swiss"]
[EventRounds "9"]
[EventCountry "VIE"]
[SourceTitle "CBM 153 Extra"]
[Source "ChessBase"]
[SourceDate "2013.04.22"]
[SourceVersion "1"]
[SourceVersionDate "2013.04.22"]
[SourceQuality "1"]

1. d4 Nf6 2. c4 g6 3. Nc3 Bg7 4. e4 d6 5. Nf3 Nbd7 6. Be2 0-0 7. 0-0 b6 8. e5 Ne8 9. Bg5 Bb7 10. Re1 Rb8 11. exd6 cxd6 12. Bd3 Nef6 13. d5 Nc5 14. Bf1 Re8 15. b4 Ncd7 16. Rc1 Rc8 17. Nb5 Ra8 18. Qd2 a6 19. Nbd4 Rc8 20. Bh6 Bh8 21. Bf4 Nf8 22. a4 Qd7 23. b5 axb5 24. axb5 e5 25. dxe6 fxe6 26. Bh6 e5 27. Nb3 Red8 28. h3 Bg7 29. Be3 Qc7 30. Ra1 Ne6 31. Ra7 Nh5 32. Ng5 Nxg5 33. Bxg5 Bf6 34. Be3 Ng7 35. Qa2 Ra8 36. Ra1 Nf5 37. Rxa8 Rxa8 38. Qb1 Nxe3 39. fxe3 Rf8 40. Ra2 Bh4 41. Bd3 Qf7 42. Be4 Bf2+ 43. Kh2 Bxe3 44. Bxb7 Qxb7 45. Qd3 Bf4+ 46. g3 e4 47. Qd5+ Qxd5 48. cxd5 Be3 49. Re2 Rf2+ 50. Rxf2 Bxf2 51. Kg2 Be3 52. Kf1 Kf7 53. Ke2 Bh6 54. Nd4 Kf6 55. Nc6 Bc1 56. Nb8 Ke5 57. Nd7+ Kxd5 58. Nxb6+ Kc5 59. Nc8 1/2-1/2

[Event "VIE-ch (Women)"]
[Site "Ho Chi Minh City"]
[Date "2012.12.05"]
[Round "9"]
[White "Tran Le Dan, Thuy"]
[Black "Tran Thi Mong, Thu"]
[Result "1-0"]
[WhiteElo "1884"]
[BlackElo "1847"]
[PlyCount "33"]
[EventDate "2012.11.29"]
[EventType "swiss"]
[EventRounds "9"]
[EventCountry "VIE"]
[SourceTitle "CBM 151 Extra"]
[Source "ChessBase"]
[SourceDate "2012.12.18"]
[SourceVersion "1"]
[SourceVersionDate "2012.12.18"]
[SourceQuality "1"]

1. d4 d5 2. c4 e6 3. Nc3 Nf6 4. Bg5 Be7 5. Nf3 0-0 6. e3 c6 7. Bd3 Nbd7 8. 0-0 dxc4 9. Bxc4 b5 10. Bd3 Bb7 11. Rc1 a6 12. Ne4 Nxe4 13. Bxe7 Qxe7 14. Bxe4 Nf6 15. Bxc6 Bxc6 16. Rxc6 Rac8 17. Rxa6 1-0

[Event "VIE-ch (Women)"]
[Site "Ho Chi Minh City"]
[Date "2012.12.02"]
[Round "5"]
[White "Tran Le Dan, Thuy"]
[Black "Ngo, Thi Kim Tuyen"]
[Result "0-1"]
[WhiteElo "1884"]
[BlackElo "2078"]
[PlyCount "104"]
[EventDate "2012.11.29"]
[EventType "swiss"]
[EventRounds "9"]
[EventCountry "VIE"]
[SourceTitle "CBM 151 Extra"]
[Source "ChessBase"]
[SourceDate "2012.12.18"]
[SourceVersion "1"]
[SourceVersionDate "2012.12.18"]
[SourceQuality "1"]

1. d4 Nf6 2. c4 e6 3. Nc3 d5 4. Nf3 Be7 5. Bf4 0-0 6. e3 c6 7. Bd3 dxc4 8. Bxc4 b5 9. Bd3 a6 10. 0-0 Nbd7 11. Ne5 Bb7 12. Qf3 Nxe5 13. Bxe5 Nd7 14. Bf4 f5 15. h3 Qc8 16. Qg3 Rf6 17. f3 c5 18. Ne2 Rg6 19. Qh2 Qf8 20. e4 cxd4 21. exf5 exf5 22. Ng3 Nc5 23. Bxf5 Rxg3 24. Bxh7+ Kxh7 25. Qxg3 Nd3 26. Be5 Nxe5 27. Qxe5 Bf6 28. Qf5+ Kg8 29. Rfe1 Rd8 30. Rad1 Qf7 31. b3 Bh4 32. Qxf7+ Kxf7 33. Re5 d3 34. Kf1 Be7 35. Re3 d2 36. Ke2 Bg5 37. Re5 Kf6 38. Rc5 Re8+ 39. Kd3 Re1 40. Kc2 Re2 41. g4 Kg6 42. h4 Be3 43. Rf5 Rf2 44. Kd3 Rxf3 45. Ke2 Rg3 46. h5+ Kh7 47. Rxd2 Bxd2 48. Kxd2 Rxg4 49. Ke3 Rg2 50. a4 Rb2 51. a5 Rxb3+ 52. Kd4 Ra3 0-1

[Event "VIE-ch (Women)"]
[Site "Ho Chi Minh City"]
[Date "2012.11.30"]
[Round "2"]
[White "Tran Le Dan, Thuy"]
[Black "Hoang, Thi Bao Tram"]
[Result "0-1"]
[WhiteElo "1884"]
[BlackElo "2317"]
[PlyCount "68"]
[EventDate "2012.11.29"]
[EventType "swiss"]
[EventRounds "9"]
[EventCountry "VIE"]
[SourceTitle "CBM 151 Extra"]
[Source "ChessBase"]
[SourceDate "2012.12.18"]
[SourceVersion "1"]
[SourceVersionDate "2012.12.18"]
[SourceQuality "1"]

1. d4 d5 2. c4 c6 3. Nf3 Nf6 4. e3 Bf5 5. Qb3 Qb6 6. Nfd2 e6 7. Nc3 Be7 8. Be2 0-0 9. 0-0 Nbd7 10. Qxb6 axb6 11. b3 Ra7 12. Bb2 Rfa8 13. a4 Bb4 14. Rfc1 h6 15. f3 Bg6 16. Ba3 Bxc3 17. Rxc3 dxc4 18. Rxc4 b5 19. Rcc1 bxa4 20. b4 Nb6 21. b5 cxb5 22. Bxb5 Ra5 23. Bf1 Rd8 24. Bb4 Raa8 25. Nc4 Nxc4 26. Bxc4 Nd5 27. Bd2 f5 28. Ra3 Be8 29. Rb1 Bc6 30. Kf2 Kf7 31. e4 fxe4 32. fxe4 Nf6 33. d5 Nxe4+ 34. Ke2 Nxd2 0-1

[Event "VIE-chT (Women)"]
[Site "Hanoi"]
[Date "2012.09.26"]
[Round "8"]
[White "Hoang, Thi Hai Anh"]
[Black "Tran Le Dan, Thuy"]
[Result "1/2-1/2"]
[WhiteElo "1876"]
[BlackElo "1861"]
[PlyCount "45"]
[EventDate "2012.09.21"]
[EventType "team-tourn"]
[EventRounds "9"]
[EventCountry "VIE"]
[SourceTitle "CBM 150 Extra"]
[Source "ChessBase"]
[SourceDate "2012.10.19"]
[SourceVersion "1"]
[SourceVersionDate "2012.10.19"]
[SourceQuality "1"]

1. d4 d5 2. c4 c6 3. Nc3 Nf6 4. Nf3 e6 5. Bg5 Be7 6. e3 Nbd7 7. Bd3 dxc4 8. Bxc4 b5 9. Bd3 Bb7 10. 0-0 a6 11. Qe2 0-0 12. Rfd1 Nd5 13. Bxe7 Qxe7 14. Rac1 Nxc3 15. Rxc3 c5 16. dxc5 Nxc5 17. Ne5 Rfd8 18. Qh5 f5 19. f4 g6 20. Nxg6 hxg6 21. Qxg6+ Kh8 22. Qh6+ Kg8 23. Qg6+ 1/2-1/2

[Event "VIE-chT (Women)"]
[Site "Hanoi"]
[Date "2012.09.26"]
[Round "9"]
[White "Tran Le Dan, Thuy"]
[Black "Le, Thi Ha"]
[Result "1-0"]
[WhiteElo "1861"]
[BlackElo "1945"]
[PlyCount "87"]
[EventDate "2012.09.21"]
[EventType "team-tourn"]
[EventRounds "9"]
[EventCountry "VIE"]
[SourceTitle "CBM 150 Extra"]
[Source "ChessBase"]
[SourceDate "2012.10.19"]
[SourceVersion "1"]
[SourceVersionDate "2012.10.19"]
[SourceQuality "1"]

1. d4 Nf6 2. c4 e6 3. Nf3 b6 4. Nc3 Bb4 5. Qb3 Bxc3+ 6. Qxc3 Ne4 7. Qc2 Bb7 8. Bf4 d6 9. e3 Nd7 10. Bd3 f5 11. 0-0 0-0 12. Rac1 Qe7 13. h3 e5 14. Bh2 g6 15. c5 Bd5 16. c6 Ndf6 17. dxe5 Nh5 18. Bc4 Bf7 19. Rfd1 Rad8 20. exd6 Nxd6 21. Bxd6 Rxd6 22. Rxd6 Qxd6 23. Ng5 Nf6 24. Nxf7 Rxf7 25. Qb3 Qe7 26. Rd1 Kg7 27. Bxf7 Qxf7 28. Qxf7+ Kxf7 29. Rd8 Ke7 30. Rd4 a5 31. Kf1 Ke6 32. Ke2 Nd5 33. a3 Kd6 34. g4 Kxc6 35. gxf5 gxf5 36. Rh4 Kd6 37. Rxh7 c5 38. Kd3 b5 39. Rg7 Ke5 40. h4 c4+ 41. Kd2 b4 42. axb4 axb4 43. h5 Kf6 44. h6 1-0

[Event "VIE-chT (Women)"]
[Site "Hanoi"]
[Date "2012.09.21"]
[Round "1"]
[White "Tran Le Dan, Thuy"]
[Black "Hoang, Thi Bao Tram"]
[Result "0-1"]
[WhiteElo "1861"]
[BlackElo "2349"]
[PlyCount "50"]
[EventDate "2012.09.21"]
[EventType "team-tourn"]
[EventRounds "9"]
[EventCountry "VIE"]
[SourceTitle "CBM 150 Extra"]
[Source "ChessBase"]
[SourceDate "2012.10.19"]
[SourceVersion "1"]
[SourceVersionDate "2012.10.19"]
[SourceQuality "1"]

1. d4 d5 2. c4 c6 3. Nf3 Nf6 4. Bf4 dxc4 5. e3 b5 6. a4 e6 7. axb5 cxb5 8. Be2 Bb4+ 9. Nfd2 Bb7 10. 0-0 0-0 11. Qc2 Qb6 12. Nc3 a6 13. Nde4 Nbd7 14. Ng5 h6 15. Nh3 Rac8 16. Bg3 Rfe8 17. f4 Bf8 18. Nf2 b4 19. Ncd1 a5 20. Ng4 Nxg4 21. Bxg4 Nf6 22. Bf3 Bxf3 23. Rxf3 Nd5 24. Rc1 c3 25. b3 a4 0-1

[Event "ASEAN-ch U16 Girls 13th"]
[Site "Hue"]
[Date "2012.06.19"]
[Round "9"]
[White "Do, Hoang Minh Tho"]
[Black "Tran Le Dan, Thuy"]
[Result "1/2-1/2"]
[WhiteElo "1901"]
[BlackElo "1833"]
[PlyCount "29"]
[EventDate "2012.06.11"]
[EventType "swiss"]
[EventRounds "9"]
[EventCountry "VIE"]
[SourceTitle "CBM 149 Extra"]
[Source "ChessBase"]
[SourceDate "2012.08.24"]
[SourceVersion "1"]
[SourceVersionDate "2012.08.24"]
[SourceQuality "1"]

1. d4 d5 2. c4 c6 3. Nc3 Nf6 4. e3 e6 5. Nf3 Be7 6. Bd3 dxc4 7. Bxc4 b5 8. Bd3 Bb7 9. 0-0 0-0 10. a3 a6 11. Re1 Nbd7 12. b4 Nb6 13. Ne5 Rc8 14. Bb2 g6 15. Qc2 1/2-1/2

[Event "ASEAN-ch U16 Girls 13th"]
[Site "Hue"]
[Date "2012.06.18"]
[Round "8"]
[White "Galas, Bernadette"]
[Black "Tran Le Dan, Thuy"]
[Result "0-1"]
[WhiteElo "1743"]
[BlackElo "1833"]
[PlyCount "98"]
[EventDate "2012.06.11"]
[EventType "swiss"]
[EventRounds "9"]
[EventCountry "VIE"]
[SourceTitle "CBM 149 Extra"]
[Source "ChessBase"]
[SourceDate "2012.08.24"]
[SourceVersion "1"]
[SourceVersionDate "2012.08.24"]
[SourceQuality "1"]

1. e4 c5 2. Nf3 d6 3. d4 cxd4 4. Qxd4 Nc6 5. Bb5 Bd7 6. Bxc6 Bxc6 7. Nc3 h6 8. Be3 Nf6 9. h3 Qc7 10. 0-0-0 Rc8 11. Kb1 a6 12. Rc1 b5 13. Rhe1 Qb7 14. Nd2 e5 15. Qb6 b4 16. Qxb7 Bxb7 17. Na4 Nxe4 18. f3 Nxd2+ 19. Bxd2 Bc6 20. Nb6 Rb8 21. Nc4 f6 22. Na5 Bd7 23. f4 Kf7 24. fxe5 dxe5 25. Rcd1 Ke6 26. Nb3 Bd6 27. Be3 Rhc8 28. Ba7 Rb7 29. Bg1 Ke7 30. Re2 Bf5 31. Red2 Rbc7 32. Rxd6 Bxc2+ 33. Ka1 Bxd1 34. Rxd1 Rc2 35. g4 a5 36. Kb1 a4 37. Nd2 a3 38. bxa3 bxa3 39. Nb3 Ke6 40. Ka1 R2c3 41. Kb1 Rxh3 42. Nc5+ Kf7 43. Rd7+ Kg8 44. Ne6 Rh1 45. Rd1 Kf7 46. Nd8+ Rxd8 47. Rxd8 Rxg1+ 48. Kc2 Rxg4 49. Ra8 Rg3 0-1

[Event "ASEAN-ch U16 Girls 13th"]
[Site "Hue"]
[Date "2012.06.14"]
[Round "4"]
[White "Tran Le Dan, Thuy"]
[Black "Mirano, Mira"]
[Result "1-0"]
[WhiteElo "1833"]
[BlackElo "1738"]
[PlyCount "119"]
[EventDate "2012.06.11"]
[EventType "swiss"]
[EventRounds "9"]
[EventCountry "VIE"]
[SourceTitle "CBM 149 Extra"]
[Source "ChessBase"]
[SourceDate "2012.08.24"]
[SourceVersion "1"]
[SourceVersionDate "2012.08.24"]
[SourceQuality "1"]

1. e4 c5 2. Nf3 e6 3. d4 cxd4 4. Nxd4 Nc6 5. Nb5 d6 6. Bf4 e5 7. Be3 a6 8. N5c3 Nf6 9. f3 b5 10. Nd2 d5 11. exd5 Nxd5 12. Nxd5 Qxd5 13. c4 bxc4 14. Bxc4 Qd8 15. 0-0 Be7 16. Ne4 0-0 17. Qxd8 Rxd8 18. Bb6 Re8 19. Bd5 Bd7 20. Rac1 Rac8 21. Bc5 Nd4 22. Kf2 Bxc5 23. Nxc5 Bb5 24. Rfe1 Bc6 25. Bxc6 Rxc6 26. Nd3 f6 27. Rxc6 Nxc6 28. Rc1 Nd4 29. b4 Re6 30. a4 Rb6 31. a5 Rc6 32. Nc5 Kf7 33. Ke3 Ke7 34. f4 Ne6 35. fxe5 fxe5 36. Ke4 Nxc5+ 37. Rxc5 Rxc5 38. bxc5 Ke6 39. g3 h6 40. h3 g6 41. h4 h5 42. c6 Kd6 43. c7 Kxc7 44. Kxe5 Kc6 45. Kf6 Kb5 46. Kxg6 Kxa5 47. Kxh5 Kb4 48. g4 a5 49. g5 a4 50. g6 a3 51. g7 a2 52. g8Q a1Q 53. Qb8+ Kc5 54. Qc7+ Kb5 55. Qd7+ Kb6 56. Qd8+ Kb7 57. Kh6 Qe5 58. h5 Qf4+ 59. Qg5 Qd6+ 60. Kh7 1-0

[Event "VIE-ch (Women)"]
[Site "Can Tho"]
[Date "2012.03.21"]
[Round "4"]
[White "Tran Le Dan, Thuy"]
[Black "Hoang, Thi Hai Anh"]
[Result "0-1"]
[WhiteElo "1836"]
[BlackElo "1918"]
[PlyCount "118"]
[EventDate "2012.03.19"]
[EventType "swiss"]
[EventRounds "9"]
[EventCountry "VIE"]
[SourceTitle "EXT 2013"]
[Source "ChessBase"]
[SourceDate "2012.11.22"]
[SourceVersion "1"]
[SourceVersionDate "2012.11.22"]
[SourceQuality "1"]

1. Nf3 d5 2. d4 Nf6 3. Bf4 c6 4. e3 Bg4 5. Be2 e6 6. Ne5 Bxe2 7. Qxe2 Bd6 8. Nd2 Qc7 9. 0-0 Nbd7 10. Nd3 Bxf4 11. Nxf4 0-0 12. g3 e5 13. dxe5 Qxe5 14. c3 Nc5 15. Nf3 Qf5 16. Nd4 Qg4 17. Qxg4 Nxg4 18. b4 Na4 19. Rac1 Ne5 20. Kg2 g6 21. h4 h5 22. f3 Rfe8 23. Rfe1 Nc4 24. Kf2 Re7 25. b5 c5 26. Nb3 Rd8 27. g4 hxg4 28. fxg4 Re4 29. Kf3 Ne5+ 30. Kg3 Nc4 31. Kf3 Re7 32. g5 b6 33. h5 Re5 34. hxg6 fxg6 35. Nxg6 Rxg5 36. Nf4 Kf7 37. e4 Ne5+ 38. Kf2 Nb2 39. Ke2 dxe4 40. Rf1 Ke7 41. Ke3 Ned3 42. Rb1 Nc4+ 43. Kxe4 Re5+ 44. Kf3 Rf8 45. Kg3 Re3+ 46. Kg4 Re4 47. Kg5 Rexf4 48. Rxf4 Nxf4 49. Re1+ Ne6+ 50. Kg6 Nd6 51. a4 Rf3 52. a5 Rxc3 53. axb6 axb6 54. Nd2 Rg3+ 55. Kh5 Nxb5 56. Nc4 Nbd4 57. Nxb6 Rg5+ 58. Kh6 Nf5+ 59. Kh7 Kf7 0-1

[Event "VIE-ch (Women)"]
[Site "Da Lat"]
[Date "2011.03.23"]
[Round "6"]
[White "Tran Le Dan, Thuy"]
[Black "Ton, Nu Hong An"]
[Result "0-1"]
[WhiteElo "1730"]
[BlackElo "2014"]
[PlyCount "70"]
[EventDate "2011.03.20"]
[EventType "swiss"]
[EventRounds "11"]
[EventCountry "VIE"]
[SourceTitle "CBM 141 Extra"]
[Source "ChessBase"]
[SourceDate "2011.05.03"]
[SourceVersion "1"]
[SourceVersionDate "2011.05.03"]
[SourceQuality "1"]

1. e4 e5 2. Nf3 Nf6 3. d4 Nxe4 4. Nxe5 d6 5. Nf3 d5 6. Bd3 Nc6 7. Qe2 Bf5 8. c3 Bd6 9. Nbd2 0-0 10. Nf1 Re8 11. Be3 Bg6 12. Ng3 f5 13. Bxe4 dxe4 14. Bg5 Be7 15. Bxe7 Qxe7 16. Nd2 f4 17. Ngf1 a6 18. Nb3 Qf7 19. Rg1 Bh5 20. Qc2 Qc4 21. g4 fxg3 22. fxg3 Nb4 23. Qg2 Nd3+ 24. Kd2 Bf3 25. Ne3 Qc6 26. Qh3 Nxb2 27. Nc5 Rad8 28. Qf5 b6 29. Nb3 Nc4+ 30. Nxc4 Qxc4 31. Rae1 Qd3+ 32. Kc1 Qxc3+ 33. Kb1 a5 34. Qb5 c6 35. Qa4 e3 0-1

[Event "Ho Chi Minh City zt 3.3 (Women)"]
[Site "Ho Chi Minh City"]
[Date "2009.07.26"]
[Round "6"]
[White "Citra, Dewi Ardhiani Anast"]
[Black "Tran Le Dan, Thuy"]
[Result "1-0"]
[WhiteElo "1923"]
[BlackElo "1780"]
[PlyCount "127"]
[EventDate "2009.07.23"]
[EventType "swiss"]
[EventRounds "9"]
[EventCountry "VIE"]
[SourceTitle "CBM 131 Extra"]
[Source "ChessBase"]
[SourceDate "2009.09.03"]
[SourceVersion "2"]
[SourceVersionDate "2009.09.16"]
[SourceQuality "1"]

1. e4 c5 2. Nf3 d6 3. d4 cxd4 4. Nxd4 Nf6 5. Nc3 e6 6. Be3 a6 7. f3 b5 8. g4 b4 9. Nce2 e5 10. Nb3 d5 11. g5 d4 12. gxf6 dxe3 13. Qxd8+ Kxd8 14. Rd1+ Kc7 15. fxg7 Bxg7 16. Ng3 Bf6 17. Bc4 Bh3 18. Ke2 Bg5 19. Bxf7 Rf8 20. Bh5 Nc6 21. Rhg1 Bh6 22. c3 a5 23. Nc5 a4 24. Nf1 Kb6 25. Nd7+ Bxd7 26. Rxd7 Rad8 27. Rxd8 Rxd8 28. Nxe3 Bxe3 29. Kxe3 Kc5 30. Bf7 bxc3 31. bxc3 Rb8 32. Rg7 h6 33. Bd5 Na5 34. Rc7+ Kb5 35. f4 exf4+ 36. Kxf4 Rf8+ 37. Kg4 Rf2 38. h4 Rg2+ 39. Kh5 Rh2 40. Kxh6 Rxh4+ 41. Kg5 Rh8 42. e5 Re8 43. e6 Kb6 44. Rd7 a3 45. e7 Nc6 46. Rd6 Kc5 47. Bxc6 Rxe7 48. Rd7 Re2 49. Bd5 Re5+ 50. Kf4 Rh5 51. Ke3 Rh2 52. Be6 Rh4 53. Kd3 Rh6 54. Bf5 Ra6 55. c4 Rf6 56. Rd5+ Kb6 57. Kd4 Rh6 58. c5+ Kc7 59. Rd7+ Kb8 60. Rh7 Rf6 61. Be4 Rf8 62. c6 Rd8+ 63. Kc5 Re8 64. c7+ 1-0